Culegere de probleme de geometrie analitica

Αποθηκεύτηκε σε:
Λεπτομέρειες βιβλιογραφικής εγγραφής
Κύριοι συγγραφείς: Crisan, Iacob, Lare, Andrei (Συγγραφέας)
Μορφή: Βιβλίο
Γλώσσα:Romanian
Δημοσίευση: Bucuresti : Editura didactica si pedagogica, 1971.
Θέματα:
Ετικέτες: Προσθήκη ετικέτας
Δεν υπάρχουν, Καταχωρήστε ετικέτα πρώτοι!

MARC

LEADER 00000cam a2200000 a 4500
001 1/108493
008 150909s1971####rm | ||| |||| ||rum||
040 |a GR-MyUa  |b gre  |c GR-MyUa  |e AACR2 
041 0 |a rum 
082 7 |a 516.3   |2 (23) 
100 1 |a Crisan, Iacob. 
245 1 0 |a Culegere de probleme de geometrie analitica /   |c Lacob Crisan, Andrei Lare. 
260 |a Bucuresti :   |b Editura didactica si pedagogica,   |c 1971.  
300 |a 245 σ. :   |b σχέδια ;   |c 25 εκ.  
650 0 |a Geometry, Analytic. 
650 0 |a Geometry, Analytic  |x Problems, exercises, etc. 
700 1 |a Lare, Andrei,  |e aut 
852 |a INST  |b SAMOS  |c MAG  |e 20150909  |h 516.3 CRI  |p 005300034923  |q 005300034923  |t BK  |y 0 
970 |a Σιτζίμη  |b Γιασεμή  |z 09/09/2015